[Event "AUTO-OPEN-3160"]
[Site "http://www.queenalice.com/game.php?id=1375429"]
[Date "2015.8.4"]
[Round "2"]
[White "sia"]
[Black "Fquita"]
[Result "0-1"]
[WhiteElo "2129"]
[BlackElo "2645"]

1. g3 c5 2. Bg2 d5 3. b3 Nf6 4. Bb2 Nc6 5. Nf3 Qc7 6. Bxf6 gxf6 7. Nh4 e6 8. O-O
Bg7 9. c3 O-O 10. d3 f5 11. Qc2 b5 12. e3 a5 13. Nd2 b4 14. d4 bxc3 15. Qxc3
cxd4 16. Qc5 dxe3 17. Rac1 exd2 18. Rc2 Ba6 19. Rd1 Rfc8 20. Rdxd2 Qe5 21. Nf3
Qe4 22. Qb6 Bd4 23. Rxd4 Qxc2 24. Nd2 Nxd4 25. Qxd4 Qd1+ 26. Bf1 Bxf1 27. Nf3
Qxf3 28. Kxf1 Rc1+ 29. Qd1 Rxd1# 0-1

[Event "AUTO-OPEN-3160"]
[Site "http://www.queenalice.com/game.php?id=1375430"]
[Date "2015.8.4"]
[Round "2"]
[White "Fquita"]
[Black "sia"]
[Result "1-0"]
[WhiteElo "2619"]
[BlackElo "2158"]

1. e4 e5 2. Nf3 d6 3. d4 Bg4 4. dxe5 Bxf3 5. Qxf3 dxe5 6. Bc4 Qe7 7. Bg5 f6 8.
Qb3 fxg5 9. Bxg8 Rxg8 10. Qxg8 Qb4+ 11. Nc3 Qxb2 12. Qe6+ Be7 13. Nd5 Nc6 14.
O-O Kf8 15. Rab1 Qa3 16. Rxb7 Qd6 17. Qf5+ Kg8 18. Rxc7 Rf8 19. Rxc6 Rxf5 20.
Rxd6 Rf7 21. Nxe7+ Rxe7 22. Rfd1 Kf7 23. Rd7 Ke6 24. R1d6+ Kf7 25. Rxe7+ Kxe7
26. Ra6 h5 27. h4 gxh4 28. Kh2 Kf7 29. Kh3 g5 30. Rxa7+ Kg6 31. Ra6+ Kf7 32. a4
Ke7 33. Rb6 Kd7 34. c4 Kc7 35. c5 Kd7 36. a5 Kc7 37. a6 g4+ 38. Kxh4 g3 39. fxg3
Kc8 40. a7 Kc7 41. a8=Q Kd7 42. Qa7+ Kd8 43. Rb8# 1-0

[Event "AUTO-OPEN-3159"]
[Site "http://www.queenalice.com/game.php?id=1381555"]
[Date "2015.9.5"]
[Round "3"]
[White "LUKK"]
[Black "Fquita"]
[Result "1-0"]
[WhiteElo "2597"]
[BlackElo "2620"]

1. c4 e5 2. Nc3 Nf6 3. g3 Bb4 4. Bg2 O-O 5. Nf3 Re8 6. O-O e4 7. Ne1 Bxc3 8.
dxc3 d6 9. Nc2 Nc6 10. Rb1 Bf5 11. Bg5 h6 12. Bxf6 Qxf6 13. Ne3 Ne7 14. Qa4 a6
15. Rbd1 1-0

[Event "AUTO-OPEN-3159"]
[Site "http://www.queenalice.com/game.php?id=1381556"]
[Date "2015.9.5"]
[Round "3"]
[White "Fquita"]
[Black "LUKK"]
[Result "0-1"]
[WhiteElo "2482"]
[BlackElo "2607"]

1. e4 f6 2. d4 e6 3. Nc3 Nc6 4. d5 Ne5 5. Nf3 Bc5 6. Nxe5 fxe5 7. Qh5+ g6 8.
Qxe5 Nf6 9. Bg5 O-O 10. dxe6 Bxf2+ 11. Kxf2 Ng4+ 12. Kg3 Nxe5 13. Bxd8 Rxd8 14.
e7 Re8 15. Nd5 Rb8 16. Nf6+ Kf7 17. Nxe8 Kxe8 18. Be2 Kxe7 19. Rhf1 d6 20. h3 b5
21. Kf4 Bd7 22. Ke3 h5 23. Rac1 a5 0-1

[Event "AUTO-OPEN-3159"]
[Site "http://www.queenalice.com/game.php?id=1381557"]
[Date "2015.9.5"]
[Round "3"]
[White "LUKK22"]
[Black "Fquita"]
[Result "1-0"]
[WhiteElo "2653"]
[BlackElo "2529"]

1. c4 e5 2. Nc3 Nf6 3. g3 d5 4. cxd5 Nxd5 5. Bg2 Nb6 6. d3 Be7 7. Be3 O-O 8. a4
a5 9. Nf3 Nc6 10. O-O Be6 11. b3 Nd5 12. Nxd5 Bxd5 13. d4 Bxf3 14. Bxf3 exd4 15.
Bxc6 dxe3 16. Bxb7 exf2+ 17. Kxf2 Rb8 18. Bd5 Rb6 19. Bc4 Rd6 20. Qc2 1-0

[Event "AUTO-OPEN-3159"]
[Site "http://www.queenalice.com/game.php?id=1381558"]
[Date "2015.9.5"]
[Round "3"]
[White "Fquita"]
[Black "LUKK22"]
[Result "0-1"]
[WhiteElo "2466"]
[BlackElo "2678"]

1. e4 g6 2. d4 Bg7 3. Nc3 d6 4. Nf3 Nf6 5. Be2 O-O 6. O-O e5 7. dxe5 dxe5 8. Bg5
Nbd7 9. Qc1 c6 10. Rd1 Qc7 11. b4 Re8 12. h3 Nh5 13. Bf1 Nf4 14. Qe3 h6 15. Bh4
g5 16. Bg3 Nf6 17. a3 N4h5 18. Bh2 g4 19. Nd2 gxh3 20. gxh3 Nf4 21. Nc4 N6h5 0-1

[Event "AUTO-ELITE-1486"]
[Site "http://www.queenalice.com/game.php?id=1382748"]
[Date "2015.9.12"]
[Round "2"]
[White "Fquita"]
[Black "mathematician1961"]
[Result "0-1"]
[WhiteElo "2486"]
[BlackElo "2792"]

1. c4 e5 2. Nc3 Nf6 3. Nf3 Nc6 4. a3 d5 5. cxd5 Nxd5 6. Qc2 Nxc3 7. dxc3 Qd6 8.
g3 Be7 9. Bg2 Qg6 10. Qxg6 hxg6 11. Be3 a5 12. O-O a4 13. Rad1 Be6 14. h4 f6 15.
Nd2 O-O-O 16. Bxc6 bxc6 17. Rfe1 Rd7 18. Ne4 Rd5 19. f3 Rb5 20. Rd2 Bc4 21. Kg2
Rf8 22. Nf2 Kb7 23. Rd7 Re8 24. Rd2 Rb8 25. Nd3 c5 0-1

[Event "AUTO-ELITE-1486"]
[Site "http://www.queenalice.com/game.php?id=1382749"]
[Date "2015.9.12"]
[Round "2"]
[White "mathematician1961"]
[Black "Fquita"]
[Result "1-0"]
[WhiteElo "2794"]
[BlackElo "2484"]

1. e4 e5 2. Nf3 Nc6 3. Bb5 Nf6 4. O-O Nxe4 5. d4 Nd6 6. Bxc6 dxc6 7. dxe5 Nf5 8.
Qxd8+ Kxd8 9. Nc3 Ke8 10. Ne2 b6 11. Rd1 Ba6 12. Nf4 Be7 13. g4 Nh4 14. Nxh4
Bxh4 15. b3 Rd8 16. Bb2 Rg8 17. h3 Bb7 18. e6 Ke7 19. exf7 Kxf7 20. Be5 Rxd1+
21. Rxd1 Rd8 22. Rd3 Rxd3 23. Nxd3 Bd8 24. f3 g5 25. Kf2 Ke6 26. c4 c5 27. Ke3
1-0

[Event "AUTO-OPEN-3420"]
[Site "http://www.queenalice.com/game.php?id=1382927"]
[Date "2015.9.13"]
[Round "2"]
[White "bouley"]
[Black "Fquita"]
[Result "1-0"]
[WhiteElo "2106"]
[BlackElo "2503"]

1. e4 e5 2. Bc4 Nf6 3. d3 c6 4. a4 d5 5. exd5 cxd5 6. Bb5+ Nc6 7. Bxc6+ bxc6 8.
Nf3 Bb4+ 9. c3 Bd6 10. Bg5 h6 11. Bh4 Rb8 12. b4 a5 13. bxa5 O-O 14. O-O Ba6 15.
Qc2 g5 16. Nxg5 hxg5 17. Bxg5 e4 18. c4 Qe7 19. Qc3 Be5 20. d4 Bxh2+ 21. Kh1
Bxc4 22. Re1 1-0

[Event "AUTO-OPEN-3420"]
[Site "http://www.queenalice.com/game.php?id=1382928"]
[Date "2015.9.13"]
[Round "2"]
[White "Fquita"]
[Black "bouley"]
[Result "1-0"]
[WhiteElo "2502"]
[BlackElo "2107"]

1. e4 Nc6 2. Nf3 d6 3. d4 Bg4 4. d5 Ne5 5. Nxe5 Bxd1 6. Bb5+ c6 7. dxc6 Qa5+ 8.
Nc3 O-O-O 9. Nc4 Qc7 10. Nd5 Bxc2 11. Nxc7 Kxc7 12. cxb7 Bxe4 13. O-O Kxb7 14.
Be3 Nf6 15. Na5+ Ka8 16. Rac1 Rb8 17. Bc6+ Bxc6 18. Nxc6 Rb7 19. Na5 Rxb2 20.
Rc8+ Rb8 21. Rc7 1-0

[Event "AUTO-ELITE-1434"]
[Site "http://www.queenalice.com/game.php?id=1388593"]
[Date "2015.10.11"]
[Round "2"]
[White "Fquita"]
[Black "BEBADO"]
[Result "0-1"]
[WhiteElo "2599"]
[BlackElo "2403"]

1. e4 c5 2. Nc3 Nc6 3. Nf3 e6 4. d4 cxd4 5. Nxd4 a6 6. Be2 Qc7 7. O-O Nf6 8. Be3
Bb4 9. Na4 O-O 10. Nxc6 bxc6 11. Nb6 Rb8 12. Nxc8 Rfxc8 13. Bxa6 Rf8 14. Bd3 Bd6
15. g3 Be5 16. a4 Bxb2 17. Ra2 Bc3 0-1

[Event "AUTO-ELITE-1434"]
[Site "http://www.queenalice.com/game.php?id=1388594"]
[Date "2015.10.11"]
[Round "2"]
[White "BEBADO"]
[Black "Fquita"]
[Result "1-0"]
[WhiteElo "2385"]
[BlackElo "2612"]

1. e4 e5 2. Nf3 Nc6 3. d4 exd4 4. Nxd4 Bc5 5. Be3 Qf6 6. c3 Nge7 7. Bc4 Ne5 8.
Be2 Qg6 9. O-O d6 10. f4 Qxe4 11. Bf2 Bxd4 12. cxd4 N5g6 13. g3 O-O 14. Nc3 Qf5
15. d5 Re8 16. Re1 a6 17. Qb3 1-0

[Event "AUTO-OPEN-3433"]
[Site "http://www.queenalice.com/game.php?id=1391098"]
[Date "2015.10.27"]
[Round "3"]
[White "Alsina"]
[Black "Fquita"]
[Result "1-0"]
[WhiteElo "2566"]
[BlackElo "2578"]

1. e4 e5 2. Nf3 Nc6 3. Bb5 Nf6 4. O-O Nxe4 5. d4 Nd6 6. Bxc6 dxc6 7. dxe5 Nf5 8.
Qxd8+ Kxd8 9. Nc3 Ke8 10. h3 h5 11. Bg5 Be6 12. Rad1 Be7 13. Rd2 1-0

[Event "AUTO-OPEN-3433"]
[Site "http://www.queenalice.com/game.php?id=1391099"]
[Date "2015.10.27"]
[Round "3"]
[White "Fquita"]
[Black "Alsina"]
[Result "0-1"]
[WhiteElo "2587"]
[BlackElo "2557"]

1. e4 c5 2. Nc3 d6 3. Nf3 Nf6 4. d4 cxd4 5. Nxd4 g6 6. Be3 Bg7 7. f3 O-O 8. Qd2
Nc6 9. O-O-O d5 10. exd5 Nxd5 11. Nxc6 bxc6 12. Bd4 Bxd4 0-1

[Event "Master Inv 01"]
[Site "http://www.queenalice.com/game.php?id=1393390"]
[Date "2015.11.10"]
[Round "2"]
[White "Fquita"]
[Black "straightbat"]
[Result "0-1"]
[WhiteElo "2570"]
[BlackElo "2418"]

1. d4 e6 2. e4 d5 3. Nc3 Bb4 4. Qg4 Nf6 5. Qxg7 Rg8 6. Qh6 c5 7. a3 Rg6 8. Qe3
Bxc3+ 9. bxc3 cxd4 10. cxd4 Nxe4 0-1